Investigating Permeability Response of Municipal Solid Waste Clay Composite as Foundation Material for Single Story Building (Thesis ME) (Record no. 69098)

MARC details
000 -LEADER
fixed length control field 00484nam a22001217a 4500
100 ## - MAIN ENTRY--AUTHOR NAME
Personal name Dilshad Ahmed Zardari
-- 21-MEEE-03
-- Supervisor - Prof.Dr. Abdul Qayoom Jakhrani
245 ## - TITLE STATEMENT
Title Investigating Permeability Response of Municipal Solid Waste Clay Composite as Foundation Material for Single Story Building (Thesis ME)
260 ## - PUBLICATION, DISTRIBUTION, ETC. (IMPRINT)
Place of publication Nawabshah
Name of publisher QUEST
Year of publication 2024
300 ## - PHYSICAL DESCRIPTION
Number of Pages 80p.
700 ## - ADDED ENTRY--PERSONAL NAME
Personal name Department of Environment Engineering
942 ## - ADDED ENTRY ELEMENTS (KOHA)
Koha item type Thesis and Dissertation
Holdings
Withdrawn status Lost status Home library Current library Date acquired Accession Number Koha item type
    Research Section Research Section 29/06/2026 MP/104-1567 Thesis and Dissertation
    Research Section Research Section 29/06/2026 MP/104-1568 Thesis and Dissertation